Nuestro planeta (Registro nro. 17372)

Detalles MARC
000 -LDR (LÍDER)
Campo de control de longitud fija 01364nam a2200349 a 4500
003 - IDENTIFICADOR DEL NÚMERO DE CONTROL
Campo de control CO-PeBPR
005 - FECHA Y HORA DE LA ÚLTIMA TRANSACCIÓN
Campo de control 20260419092436.0
008 - ELEMENTOS DE DATOS DE LONGITUD FIJA--INFORMACIÓN GENERAL
Campo de control de longitud fija 231210s2023 ck a|||ar|||| 00||| spa d
020 ## - Código Internacional normalizado para libros
Código Internacional normalizado para libros 9786289568936
040 0# - FUENTE DE CATALOGACIÓN
Agencia catalogadora original CO-PeBPR
Idioma de la agencia catalogadora spa
Agencia que transcribe CO-PeBPR
Norma para la descripción rda
041 0# - Código del Idioma
Código idioma del recurso original spa
082 04 - NÚMERO DE CLASIFICACIÓN DECIMAL DEWEY
Número de clasificación (i) 550.2 B215n
100 1# - ASIENTO PRINCIPAL--NOMBRE PERSONAL
Nombre personal Banfi, Cristina
Fechas asociadas al nombre 1966-
Términos de relación autora
9 (RLIN) 279681
245 10 - MENCIÓN DE TÍTULO
Título propiamente dicho Nuestro planeta
Subtítulo o título paralelo : infografías para descubrir la tierra
Mención de responsabilidad / Cristina Banfi ; ilustraciones de Giulia de Amicis ; traducción de Pau Sanchís Ferrer
250 ## - MENCIÓN DE EDICIÓN
Mención de edición Edición especial
264 #1 - Área de la Producción Publicación, Distribución, Manufactura, etc.
Lugar de publicación, distribución, etc. Bogotá, Colombia
Nombre de la editorial, distribuidor, etc. : AS ediciones
Fecha de publicación, distribución, etc. , 2023
300 ## - DESCRIPCIÓN FÍSICA
Extensión 75 páginas
Otros detalles físicos : ilustraciones a color
Dimensiones ; 35 centímetros
336 ## - Tipo de Contenido
Tipo de contenido texto
Código de tipo de contenido txt
337 ## - Tipo de Medio
Tipo de Medio sin mediación
Código de tipo de medio n
Fuente rdamedia
338 ## - Tipo de Soporte
Tipo de soporte volumen
Código de tipo de soporte nc
Fuente rdacarrier
500 ## - NOTA GENERAL
Nota general Incluye índice.
521 ## - NOTA DE AUDIENCIA
Nota de audiencia Recomendado para un público infantil a partir de los 6 años
534 ## - NOTA DE VERSION ORIGINAL
Título del documento en el idioma original La terra: Il nostro pianeta spiegato in un colpa d'occhio
650 14 - ASIENTO SECUNDARIO DE MATERIA - TÉRMINO TEMÁTICO
Fuente del encabezado o término LEMB
Encabezamiento temático Ciencias de la tierra
9 (RLIN) 16049
650 14 - ASIENTO SECUNDARIO DE MATERIA - TÉRMINO TEMÁTICO
Fuente del encabezado o término LEMB
Encabezamiento temático Tierra (Planeta)
Subdivisión general Geología
9 (RLIN) 279682
650 14 - ASIENTO SECUNDARIO DE MATERIA - TÉRMINO TEMÁTICO
Fuente del encabezado o término LEMB
Encabezamiento temático Ecosistemas
9 (RLIN) 279683
650 14 - ASIENTO SECUNDARIO DE MATERIA - TÉRMINO TEMÁTICO
Fuente del encabezado o término LEMB
Encabezamiento temático Ecosistemas
9 (RLIN) 279683
650 14 - ASIENTO SECUNDARIO DE MATERIA - TÉRMINO TEMÁTICO
Fuente del encabezado o término LEMB
Encabezamiento temático Libros ilustrados para niños
9 (RLIN) 16
700 1# - ASIENTO SECUNDARIO - NOMBRE PERSONAL
Nombre personal De Amicis, Giulia
Término de relación, rol en la obra ilustradora
9 (RLIN) 279684
700 1# - ASIENTO SECUNDARIO - NOMBRE PERSONAL
Nombre personal Sanchis Ferrer, Pau
Término de relación, rol en la obra traductora
9 (RLIN) 279685
942 ## - ENTRADA DE ELEMENTOS AGREGADOS (KOHA
Fuente de clasificación o esquema de estantería. Dewey Decimal Classification
Tipo de ítem Literatura Infantil
Existencias
Estado de pérdida Fuente del sistema de clasificación o colocación Estado de daño No disponible para préstamo Colección Biblioteca de origen Biblioteca actual Ubicación en estantería Signatura topográfica completa Ejemplar Código de barras Tipo de ítem Fecha de adquisición Fuente de adquisición Total de pagos Fecha de la última vez visto
  Dewey Decimal Classification     Infantil Biblioteca Pública Municipal Isaías Naranjo Ríos Biblioteca Pública Municipal Isaías Naranjo Ríos Área Infantil 550.2 B15n Ej. 1 API01 - 3399 Literatura Infantil 01/02/2023 Dotación MinCultura y BNC   06/02/2025
  Dewey Decimal Classification     Infantil Sala de Patrimonio Bibliográfico y Documental - Biblioteca Departamental Sala de Patrimonio Bibliográfico y Documental - Biblioteca Departamental Área Infantil (i) 550.2 B215n Ej.1 RIBPD14791 Literatura Infantil 19/04/2026 Dotación MinCultura y BNC   19/04/2026